|
|
|
|
| LEADER |
01138nam a2200277 a 4500 |
| 001 |
11766344 |
| 008 |
091210s1997 enkab b 001 0 eng d |
| 010 |
|
|
|a 99231219
|
| 020 |
|
|
|a 1856495752
|
| 020 |
|
|
|a 1856495760 (pbk.)
|
| 020 |
|
|
|a 8170366445 (India-hb)
|
| 040 |
|
|
|a WAU
|c WAU
|d DLC
|
| 082 |
0 |
0 |
|a 305.42/095
|2 21
|
| 100 |
1 |
|
|a Custers, Peter.
|
| 245 |
1 |
0 |
|a Capital accumulation and women's labour in Asian economies /
|c Peter Custers.
|
| 260 |
|
|
|a London ;
|a New York :
|b Zed Books ;
|a New York, NY :
|b Distributed in the USA by St. Martin's Press,
|c 1997.
|
| 300 |
|
|
|a 401 p. :
|b ill., maps ;
|c 22 cm.
|
| 504 |
|
|
|a Includes bibliographical references (p. [374]-395) and index.
|
| 541 |
1 |
|
|e 00006123
|
| 650 |
|
0 |
|a Women in development
|z Asia.
|
| 650 |
|
0 |
|a Women
|z Asia
|x Economic conditions.
|
| 650 |
|
0 |
|a Saving and investment
|z Asia.
|
| 650 |
|
0 |
|a Feminist economics
|z Asia.
|
| 852 |
4 |
|
|a Ayesha Abed Library
|j General shelf
|
| 999 |
|
|
|c 6037
|d 6037
|
| 952 |
|
|
|0 0
|1 0
|2 ddc
|4 0
|6 305_420950000000000_CUS_1997
|7 0
|9 6031
|a BRACUL
|b BRACUL
|c GEN
|d 2009-12-14
|g 332.00
|l 5
|m 14
|o 305.42095 CUS
|p 3010006123
|r 2022-08-29
|s 2022-06-29
|t 1
|v 664.00
|w 2009-12-14
|y BK
|